MARC details
| 000 -BAŞLIK |
| Sabit Uzunluktaki Kontrol Alanı |
05807nam a22004817a 4500 |
| 001 - KONTROL NUMARASI |
| Control Dosyası |
0035051 |
| 003 - KONTROL NUMARASI KİMLİĞİ |
| Kontrol Alanı |
KOHA_MİRAKIL |
| 005 - EN SON İŞLEM TARİHİ ve ZAMANI |
| Kontrol Alanı |
20260207002933.0 |
| 007 - FİZİKSEL TANIM SABİT ALAN - GENEL BİLGİ |
| Sabit uzunluklu kontrol alanı |
ta |
| 008 - SABİT UZUNLUKTAKİ VERİ ÖGELERİ - GENEL BİLGİ |
| Sabit Alan |
120113b2011 tu a|||gr||||#||||0|tur | |
| 020 ## - ISBN - ULUSLARARASI STANDART KİTAP NUMARASI |
| Isbn |
9786053991878 |
| 040 ## - KATALOGLAMA KAYNAĞI |
| Özgün Kataloglama Kurumu |
TR-BiSEU |
| Kataloglama Dili |
tur |
| Çeviri Kurumu |
TR-BiSEU |
| Açıklama Kuralları |
rda |
| 041 0# - DİL KODU |
| Metin ya da ses kaydının dil kodu |
tur |
| 044 ## - YAYINLAYAN/ÜRETEN KURULUŞUN ÜLKE KODU |
| ISO country code |
tu |
| 050 ## - SINIFLAMA ve YER NUMARASI |
| Sınıflama Numarası |
HJ2151 |
| Yer Numarası |
.Y46 2011 |
| 100 1# - KİŞİ ADI |
| Yazar Adı (Kişi adı) |
Yentürk, Nurhan. |
| 245 1# - ESER ADI BİLDİRİMİ |
| Başlık |
STK'lar için kamu harcamaları okuma - yazma kılavuzu/ |
| Sorumluluk Bildirimi |
Nurhan Yentürk ; Nurhan Yentürk. |
| 264 #1 - ÜRERİM, YAYIN, DAĞITIM ve TELİF BİLDİRİMİ |
| Yayın yeri |
İstanbul : |
| Yayınlayan |
İstanbul Bilgi Üniversitesi Yayınları |
| Yayın tarihi |
2011 |
| 300 ## - FİZİKSEL TANIMLAMA |
| Sayfa, Cilt vb. |
64 sayfa : |
| Diğer fiziki detaylar |
tbl. ; |
| Boyutları |
30 cm |
| 336 ## - İÇERİK TÜRÜ |
| Content type term |
metin |
| Content type code |
txt |
| Source |
rdacontent |
| 337 ## - MEDYA TÜRÜ |
| Media type term |
aracısız |
| Media type code |
n |
| Source |
rdamedia |
| 338 ## - TAŞIYICI TÜRÜ |
| Carrier type term |
cilt |
| Carrier type code |
nc |
| Source |
rdacarrier |
| 490 1# - DİZİ BİLDİRİMİ |
| Dizi Bildirimi |
İstanbul Bilgi Üniversitesi Yayınları ; |
| Cilt Numarası |
330. |
| 490 1# - DİZİ BİLDİRİMİ |
| Dizi Bildirimi |
STK Çalışmaları - Eğitim Kitapları ;11. |
| 490 1# - DİZİ BİLDİRİMİ |
| Dizi Bildirimi |
Kamu Harcamalarını İzleme Dizisi ;1. |
| 505 ## - İÇİNDEKİLER NOTU |
| İçindekiler Notu |
ÖNSÖZ....................................................................................................................................3 |
| 650 #0 - KONU BAŞLIĞI EK GİRİŞ - KONU TERİMİ |
| Konusal terim veya coğrafi ad |
Expenditures, Public. |
| 9 (RLIN) |
44520 |
| 650 #0 - KONU BAŞLIĞI EK GİRİŞ - KONU TERİMİ |
| Konusal terim veya coğrafi ad |
Harcamalar, Kamu. |
| 9 (RLIN) |
67206 |
| 650 #0 - KONU BAŞLIĞI EK GİRİŞ - KONU TERİMİ |
| Konusal terim veya coğrafi ad |
Finance, Public. |
| 9 (RLIN) |
6464 |
| 650 #0 - KONU BAŞLIĞI EK GİRİŞ - KONU TERİMİ |
| Konusal terim veya coğrafi ad |
Maliye, Kamu. |
| 9 (RLIN) |
33573 |
| 650 #0 - KONU BAŞLIĞI EK GİRİŞ - KONU TERİMİ |
| Konusal terim veya coğrafi ad |
Public administration--Turkey. |
| 9 (RLIN) |
7810 |
| 650 #0 - KONU BAŞLIĞI EK GİRİŞ - KONU TERİMİ |
| Konusal terim veya coğrafi ad |
Kamu yönetimi--Türkiye. |
| 9 (RLIN) |
7809 |
| 650 #0 - KONU BAŞLIĞI EK GİRİŞ - KONU TERİMİ |
| Konusal terim veya coğrafi ad |
Public investments. |
| 9 (RLIN) |
67207 |
| 650 #0 - KONU BAŞLIĞI EK GİRİŞ - KONU TERİMİ |
| Konusal terim veya coğrafi ad |
Kamu yatırımları. |
| 9 (RLIN) |
67208 |
| 650 #0 - KONU BAŞLIĞI EK GİRİŞ - KONU TERİMİ |
| Konusal terim veya coğrafi ad |
Social policy. |
| 9 (RLIN) |
14069 |
| 650 #0 - KONU BAŞLIĞI EK GİRİŞ - KONU TERİMİ |
| Konusal terim veya coğrafi ad |
Sosyal politika. |
| 9 (RLIN) |
13138 |
| 650 #0 - KONU BAŞLIĞI EK GİRİŞ - KONU TERİMİ |
| Konusal terim veya coğrafi ad |
Government spending policy. |
| 9 (RLIN) |
67209 |
| 650 #0 - KONU BAŞLIĞI EK GİRİŞ - KONU TERİMİ |
| Konusal terim veya coğrafi ad |
Kamu harcamaları politikası. |
| 9 (RLIN) |
67210 |
| 830 1# - SERİ EK GİRİŞİ - TEKBİÇİM ESER ADI |
| Tekbiçim Başlık |
İstanbul Bilgi Üniversitesi Yayınları ; |
| Volume number/sequential designation |
330. |
| 9 (RLIN) |
5644 |
| 830 1# - SERİ EK GİRİŞİ - TEKBİÇİM ESER ADI |
| Tekbiçim Başlık |
STK Çalışmaları - Eğitim Kitapları ;11. |
| 9 (RLIN) |
67211 |
| 830 1# - SERİ EK GİRİŞİ - TEKBİÇİM ESER ADI |
| Tekbiçim Başlık |
Kamu Harcamalarını İzleme Dizisi ;1. |
| 9 (RLIN) |
67212 |
| 942 ## - EK GİRİŞ ÖGELERİ (KOHA) |
| Source of classification or shelving scheme |
Library of Congress Classification |
| Koha item type |
Book |
| 505 ## - İÇİNDEKİLER NOTU |
| -- |
|
| -- |
GİRİŞ: KILAVUZUN KAPSAMI...............................................................................................7 |
| -- |
|
| -- |
1. KURUMLAR.............................................................................................................................................9 |
| -- |
|
| -- |
l.A. Merkezi Yönetim................................................................................................................................................10 |
| -- |
|
| -- |
1.A. 1. Genel bütçeli idareler.......................................................................................10 |
| -- |
|
| -- |
l.A.2. Özel bütçeli idareler.....................................................................................................11 |
| -- |
|
| -- |
l.A.3. Düzenleyici ve denetleyici kurumlar.........................................................12 |
| -- |
|
| -- |
l.B. Genel Yönetim.............................................................................................................................13 |
| -- |
|
| -- |
l.B.l. Sosyal güvenlik kurumları 13 |
| -- |
|
| -- |
l.B.2. Mahalli idareler................................................................................................13 |
| -- |
|
| -- |
l.C. Genel Devlet......................................................................................................................14 |
| -- |
|
| -- |
l.C.l. Bütçe dışı fonlar...................................................................................................................14 |
| -- |
|
| -- |
l.C.2. İşsizlik Sigortası Fonu............................................................................................14 |
| -- |
|
| -- |
l.C.3. Döner sermaye kuruluşları 15 |
| -- |
|
| -- |
1.D. Kamu İktisadi Teşebbüsleri (KİT) 15 |
| -- |
|
| -- |
2. KAVRAMLAR....................................................................................17 |
| -- |
|
| -- |
2.A. Kamu Maliyesiyle İlgili Temel Kavramlar....................................................................................17 |
| -- |
|
| -- |
2.B. Kamu Kesimi Genel Dengesi ve Kamu Kesimi Borçlanma Gereği 18 |
| -- |
|
| -- |
1.C. KİT'lerle İlgili Kavramlar................................................................................................19 |
| -- |
|
| -- |
2.D. Temel Ekonomik Kavramlar........................................................................................20 |
| -- |
|
| -- |
2.E. Oranlar, Paylar ve Büyüme...................................................................................................22 |
| -- |
|
| -- |
3. HARCAMALARIN SINIFLANDIRILMASI 25 |
| -- |
|
| -- |
3.A. Ekonomik Sınıflandırma 25 3.A. 1. Ekonomik sınıflandırmaya göre |
| -- |
|
| -- |
Merkezi Yönetim gerçekleşmiş harcamaları.................................................26 |
| -- |
|
| -- |
3.A.2. Ekonomik sınıflandırmaya göre Merkezi Yönetim harcama kalemleri 27 |
| -- |
|
| -- |
3.B. Fonksiyonel Sınıflandırma 36 3 .B. 1. Fonksiyonel sınıflandırmaya göre |
| -- |
|
| -- |
Merkezi Yönetim gerçekleşmiş harcamaları........................................................37 |
| -- |
|
| -- |
3.B.2. Fonksiyonel sınıflandırmaya göre Merkezi Yönetim harcama kalemleri 38 |
| -- |
|
| -- |
4. HARCAMALARIN İDARELER TEMELİNDE İZLENMESİ .......................................47 |
| -- |
|
| -- |
4.A. İdarelerin Fonksiyonel Sınıflandırmaya Göre Harcamaları..............................................48 |
| -- |
|
| -- |
4.B. İdarelerin Ekonomik Sınıflandırmaya Göre Harcamaları....................................................51 |
| -- |
|
| -- |
4.C. Genel ve Özel Bütçeli İdarelerin Ödenek Cetvelleri 53 |
| -- |
|
| -- |
4.D. Özel Bütçeli İdarelerin Gelir Cetvelleri....................................................................................56 |
| -- |
|
| -- |
EKLER...........................................................................................................................................59 |
| -- |
|
| -- |
EK 1: Veri Kaynakları................................................................................................59 |
| -- |
|
| -- |
EK 2: İdarelerin Ekonomik ve Fonksiyonel Sınıflandırmaya Göre Harcamaları 63 |
| -- |
|
| -- |
DİZİN..............................................................................................................................64. |